Engineering Design/ (Record no. 200480)

MARC details
000 -LEADER
fixed length control field 00690nam a22002057a 4500
005 - DATE AND TIME OF LATEST TRANSACTION
control field 20240201110344.0
010 ## - LCCN (DPL NO)
LC control number ENG-139022
020 ## - INTERNATIONAL STANDARD BOOK NUMBER
International Standard Book Number 9789355322258
Terms of availability 920.00
035 ## - SYSTEM CONTROL NUMBER
System control number EN-122554
037 ## - SOURCE OF ACQUISITION
Source of stock number/acquisition DBAD/PUB
082 ## - DEWEY DECIMAL CLASSIFICATION NUMBER
Classification number 620.0042
Edition number 6
100 ## - MAIN ENTRY--PERSONAL NAME
Personal name Dieter, George E
245 ## - TITLE STATEMENT
Title Engineering Design/
Statement of responsibility, etc By George E Dieter and Linda C Schmidt
250 ## - EDITION STATEMENT
Edition statement 6
260 ## - PUBLICATION, DISTRIBUTION, ETC. (IMPRINT)
Name of publisher, distributor, etc McGraw Hill Education India Pvt Limited
Date of publication, distribution, etc 2022
Place of publication, distribution, etc Chennai
270 ## - ADDRESS
Address 444/1, Sri Ekambara Naicker Industrial Estate, Alapakkam
City Chennai
Postal code 600116
300 ## - PHYSICAL DESCRIPTION
Extent xix,596,I-27p.
Dimensions 24cm(pbk)
Other physical details ill.
700 ## - ADDED ENTRY--PERSONAL NAME
Personal name Schmidt, Linda C
Relator term Author
9 (RLIN) 61503
942 ## - ADDED ENTRY ELEMENTS (KOHA)
Source of classification or shelving scheme Dewey Decimal Classification
Item type English Books
Classification part 620.0042
Call number suffix DIE
Edition 6
Holdings
Withdrawn status Lost status Not for loan Collection code Home library Current library Date acquired Source of acquisition Cost, normal purchase price Full call number Barcode Copy number Cost, replacement price Koha item type
      Non-fiction Sarojini Nagar Sarojini Nagar 01/02/2024 DBAD/PUB 920.00 620.0042 DIE EN-122554 1 920.00 English Books

© Delhi Public Library
Hit Counter
free hit counter